[Event "Titled Tuesday intern op 11th Mar Late"]
[Site "Chess.com INT"]
[Date "2025.03.11"]
[Round "9"]
[White "Jaracz, Pawel"]
[Black "Demirtas, Alper"]
[Result "0-1"]
[WhiteElo "2445"]
[BlackElo "2207"]
[PlyCount "60"]
[EventDate "2025.03.11"]
[EventType "swiss (blitz)"]
[EventRounds "11"]
[EventCountry "USA"]
[SourceTitle "CB12_2025"]
[SourceDate "2025.03.19"]
[SourceVersion "1"]
[SourceVersionDate "2025.03.19"]
[SourceQuality "1"]

1. c4 Nf6 2. Nc3 e6 3. d4 d5 4. cxd5 exd5 5. Bg5 Be7 6. e3 c6 7. Bd3 Nbd7 8. h3 0-0 9. Nf3 Re8 10. Qc2 a5 11. 0-0 h6 12. Bf4 Nf8 13. Ne5 Ne6 14. Bh2 Nd7 15. Bh7+ Kf8 16. f4 Nxe5 17. fxe5 Bg5 18. Rf3 Qb6 19. Raf1 Nd8 20. Na4 Qa7 21. Bg6 Be6 22. Nc5 Kg8 23. Nxe6 Rxe6 24. Rxf7 Nxf7 25. Bxf7+ Kh8 26. Bxe6 Bxe3+ 27. Kh1 Qxd4 28. Qg6 Qc4 29. Bg3 Qxf1+ 30. Kh2 Qg1# 0-1

[Event "Titled Tuesday intern op 11th Mar Late"]
[Site "Chess.com INT"]
[Date "2025.03.11"]
[Round "2"]
[White "Jaracz, Pawel"]
[Black "Drozdowski, Kacper"]
[Result "1-0"]
[WhiteElo "2445"]
[BlackElo "2450"]
[PlyCount "135"]
[EventDate "2025.03.11"]
[EventType "swiss (blitz)"]
[EventRounds "11"]
[EventCountry "USA"]
[SourceTitle "CB12_2025"]
[SourceDate "2025.03.19"]
[SourceVersion "1"]
[SourceVersionDate "2025.03.19"]
[SourceQuality "1"]

1. e4 c5 2. Nf3 e6 3. d4 cxd4 4. Nxd4 Nc6 5. Nc3 Qc7 6. Be2 a6 7. 0-0 Nf6 8. Be3 Bb4 9. Na4 0-0 10. c4 Bd6 11. g3 Nxe4 12. Rc1 f5 13. c5 Be5 14. Nb6 Rb8 15. f4 Bf6 16. Bf3 Be7 17. Bxe4 fxe4 18. Qb3 Kh8 19. Rfd1 Bf6 20. Ne2 Ne7 21. Nc3 Nf5 22. Nxe4 Be7 23. Bf2 Qc6 24. Qd3 a5 25. Nd6 Bf6 26. Ndxc8 Rbxc8 27. Nxc8 Rxc8 28. Qxd7 h5 29. Qxc6 Rxc6 30. b3 Rc7 31. Rc4 Kg8 32. Rdc1 Bb2 33. R1c2 Ba3 34. Kg2 Ne7 35. Re2 Kf7 36. Rce4 Rc6 37. Bd4 Nd5 38. Kf3 Bb4 39. h3 Bxc5 40. Bxc5 Rxc5 41. Rxe6 Rc3+ 42. Kf2 h4 43. gxh4 Nxf4 44. Re7+ Kf6 45. R2e3 Rc2+ 46. Kf3 Nxh3 47. R3e6+ Kf5 48. Re5+ Kf6 49. R7e6+ Kf7 50. Rb6 Ng1+ 51. Kg4 Rxa2 52. Rxb7+ Kf6 53. Rf5+ Ke6 54. Rb6+ Ke7 55. Re5+ Kf7 56. Rf5+ Ke7 57. Rg5 Kf7 58. Kh5 Ne2 59. Rb7+ Kf6 60. Rbxg7 Nf4+ 61. Kh6 Ne6 62. R7g6+ Kf7 63. Rf5+ Ke7 64. Re5 Kf7 65. Rexe6 a4 66. bxa4 Rxa4 67. Ref6+ Ke7 68. h5 1-0

[Event "Titled Tuesday intern op 11th Mar Late"]
[Site "Chess.com INT"]
[Date "2025.03.11"]
[Round "6"]
[White "Jaracz, Pawel"]
[Black "Narayanan, Sunilduth Lyna"]
[Result "0-1"]
[WhiteElo "2445"]
[BlackElo "2622"]
[PlyCount "82"]
[EventDate "2025.03.11"]
[EventType "swiss (blitz)"]
[EventRounds "11"]
[EventCountry "USA"]
[SourceTitle "CB12_2025"]
[SourceDate "2025.03.19"]
[SourceVersion "1"]
[SourceVersionDate "2025.03.19"]
[SourceQuality "1"]

1. e4 c5 2. Nf3 d6 3. d4 cxd4 4. Nxd4 Nf6 5. Nc3 h6 6. Be2 e5 7. Nb3 Be7 8. Be3 Be6 9. Qd2 Nc6 10. 0-0-0 a5 11. a4 Rc8 12. Kb1 Nb4 13. Bb5+ Kf8 14. f3 d5 15. exd5 Nfxd5 16. Nxd5 Bxd5 17. c4 Be6 18. Qxd8+ Rxd8 19. g4 Ra8 20. Nc5 Bxc5 21. Bxc5+ Kg8 22. Bxb4 axb4 23. Kc2 e4 24. fxe4 Bxg4 25. Rd4 h5 26. Kb3 Rh6 27. Kxb4 Re6 28. Re1 f5 29. c5 Kh7 30. Bc4 Re5 31. Rd5 Rae8 32. Rxe5 Rxe5 33. Bd5 Re7 34. Kb5 f4 35. e5 f3 36. e6 f2 37. Rf1 Be2+ 38. Bc4 Bxf1 39. Bxf1 Rxe6 40. b4 g5 41. a5 g4 0-1

[Event "BCF-chT 2425 (4NCL)"]
[Site "England"]
[Date "2025.02.15"]
[Round "5.14"]
[White "Jaracz, Pawel"]
[Black "Milson, Samuel"]
[Result "1/2-1/2"]
[WhiteElo "2456"]
[BlackElo "2052"]
[PlyCount "55"]
[EventDate "2024.11.23"]
[EventType "team-swiss"]
[EventRounds "11"]
[EventCountry "ENG"]
[SourceTitle "CB14_2025"]
[SourceDate "2024.11.01"]
[SourceVersion "1"]
[SourceVersionDate "2024.11.01"]
[SourceQuality "1"]
[WhiteTeam "Manx Liberty"]
[BlackTeam "The Sharks II"]
[WhiteTeamCountry "ENG"]
[BlackTeamCountry "ENG"]

1. c4 e5 2. g3 Nf6 3. Bg2 h6 4. d3 Bb4+ 5. Nd2 0-0 6. a3 Bxd2+ 7. Bxd2 d6 8. Bc3 c5 9. Nf3 Nc6 10. 0-0 Re8 11. b4 Qe7 12. e3 Bd7 13. Qc2 Rac8 14. Qb2 b6 15. b5 Nb8 16. a4 Be6 17. a5 Rc7 18. h3 Nbd7 19. Nd2 Bf5 20. e4 Bh7 21. f4 Nh5 22. Rf3 exf4 23. gxf4 f5 24. exf5 Bxf5 25. Nf1 Qh4 26. Qd2 Nf8 27. Ne3 Rf7 28. Raf1 1/2-1/2

[Event "BCF-chT 2425 (4NCL)"]
[Site "England"]
[Date "2024.11.23"]
[Round "1.24"]
[White "Large, Peter G"]
[Black "Jaracz, Pawel"]
[Result "1/2-1/2"]
[WhiteElo "2303"]
[BlackElo "2473"]
[PlyCount "46"]
[EventDate "2024.11.23"]
[EventType "team-swiss"]
[EventRounds "11"]
[EventCountry "ENG"]
[SourceTitle "CB48_2024"]
[SourceDate "2024.11.28"]
[SourceVersion "1"]
[SourceVersionDate "2024.11.28"]
[SourceQuality "1"]
[WhiteTeam "CSC/Kingston"]
[BlackTeam "Manx Liberty"]
[WhiteTeamCountry "ENG"]
[BlackTeamCountry "ENG"]

1. e4 c5 2. Nc3 Nc6 3. Nf3 g6 4. d4 cxd4 5. Nxd4 Bg7 6. Be3 Nf6 7. Bc4 Qa5 8. 0-0 0-0 9. Bb3 d6 10. h3 Bd7 11. f4 Rac8 12. Qf3 Qh5 13. Rad1 Nxd4 14. Bxd4 Qxf3 15. Rxf3 Bc6 16. Nd5 Bxd5 17. exd5 a6 18. Re3 Rfe8 19. c3 Nd7 20. g4 Bxd4 21. Rxd4 b5 22. g5 Nb6 23. h4 a5 1/2-1/2

[Event "CZE-chT 2425"]
[Site "Czech Republic"]
[Date "2024.11.03"]
[Round "2.5"]
[White "Jaracz, Pawel"]
[Black "Nemec, Jachym"]
[Result "0-1"]
[WhiteElo "2473"]
[BlackElo "2411"]
[PlyCount "70"]
[EventDate "2024.11.01"]
[EventType "team-tourn"]
[EventRounds "11"]
[EventCountry "CZE"]
[SourceTitle "CB45_2024"]
[Source "ChessBase"]
[SourceDate "2024.11.06"]
[SourceVersion "1"]
[SourceVersionDate "2024.11.06"]
[SourceQuality "1"]
[WhiteTeam "Turnov Zikuda"]
[BlackTeam "Pardubice Sigil Fund"]
[WhiteTeamCountry "CZE"]
[BlackTeamCountry "CZE"]

1. e4 c6 2. d4 d5 3. e5 Bf5 4. Nf3 e6 5. Be2 a6 6. 0-0 Bg6 7. c3 c5 8. Be3 Nd7 9. Nbd2 Nh6 10. dxc5 Bxc5 11. Bf4 Nf5 12. Nb3 Ba7 13. Bd3 0-0 14. Bxf5 Bxf5 15. Nfd4 Bg6 16. Qg4 Nb6 17. Rae1 Nc4 18. Re2 Qd7 19. Nc1 Rac8 20. h4 h5 21. Qg3 Bxd4 22. cxd4 Qb5 23. a4 Qb4 24. b3 Na3 25. Rd1 Rc6 26. Qg5 Nb1 27. Kh2 Qb6 28. g4 Nc3 29. gxh5 Nxd1 30. hxg6 fxg6 31. Be3 Nxe3 32. Qxe3 Qd8 33. Kg3 Qe7 34. Ra2 Qf7 35. Ne2 Qf5 0-1

[Event "Titled Tuesday intern op 25th Jun Early"]
[Site "Chess.com INT"]
[Date "2024.06.25"]
[Round "2"]
[White "Berezin, Viktor"]
[Black "Jaracz, Pawel"]
[Result "0-1"]
[WhiteElo "1921"]
[BlackElo "2473"]
[PlyCount "84"]
[EventDate "2024.06.25"]
[EventType "swiss (blitz)"]
[EventRounds "11"]
[EventCountry "USA"]
[SourceTitle "EXT 2025"]
[Source "ChessBase"]
[SourceDate "2024.10.14"]
[SourceVersion "1"]
[SourceVersionDate "2024.10.14"]
[SourceQuality "1"]

1. e4 e5 2. Nf3 Nc6 3. Bb5 a6 4. Ba4 Bc5 5. c3 Nge7 6. d4 exd4 7. cxd4 Bb4+ 8. Nc3 d5 9. e5 0-0 10. 0-0 Bg4 11. Be3 Nf5 12. h3 Bh5 13. g4 Nxe3 14. fxe3 Bg6 15. Qe2 Kh8 16. a3 Bxc3 17. bxc3 Na5 18. Bc2 Nc4 19. Bxg6 fxg6 20. e4 Rf4 21. exd5 Qxd5 22. Ng5 Raf8 23. Rxf4 Rxf4 24. Rf1 Rxf1+ 25. Qxf1 Kg8 26. e6 Nd6 27. Qf4 h6 28. Nf7 Qxe6 29. Nxd6 Qxd6 30. Qf3 Qxa3 31. Qxb7 Qxc3 32. Qc8+ Kh7 33. Qxa6 Qg3+ 34. Kf1 Qxh3+ 35. Kf2 Qxg4 36. Qa7 Qf4+ 37. Ke2 h5 38. d5 h4 39. Qc5 h3 40. Qc3 Qe4+ 41. Kf2 Qg2+ 42. Ke1 h2 0-1

[Event "Titled Tuesday intern op 25th Jun Late"]
[Site "Chess.com INT"]
[Date "2024.06.25"]
[Round "2"]
[White "Degtiarev, Evgeny"]
[Black "Jaracz, Pawel"]
[Result "0-1"]
[WhiteElo "2394"]
[BlackElo "2473"]
[PlyCount "116"]
[EventDate "2024.06.25"]
[EventType "swiss (blitz)"]
[EventRounds "11"]
[EventCountry "USA"]
[SourceTitle "EXT 2025"]
[Source "ChessBase"]
[SourceDate "2024.10.14"]
[SourceVersion "1"]
[SourceVersionDate "2024.10.14"]
[SourceQuality "1"]

1. d4 d5 2. c4 c6 3. Nc3 Nf6 4. e3 Bf5 5. Nf3 e6 6. Qb3 Qc7 7. h3 h6 8. Bd2 Nbd7 9. Rc1 Nb6 10. cxd5 exd5 11. a4 a5 12. Be2 Be7 13. Ne5 0-0 14. g4 Bh7 15. f4 Bb4 16. g5 hxg5 17. fxg5 Bxc3 18. gxf6 Bxd2+ 19. Kxd2 gxf6 20. Rcg1+ Kh8 21. Ng4 Nd7 22. Bd3 f5 23. Nh6 Nf6 24. Qd1 Qd6 25. Kc1 Rae8 26. Bxf5 Rxe3 27. Bxh7 Qf4 28. Qd2 Qxh6 29. Rg3 Rfe8 30. Bc2 Re1+ 31. Rxe1 Rxe1+ 32. Bd1 Qxd2+ 33. Kxd2 Ne4+ 34. Kxe1 Nxg3 35. Bg4 Ne4 36. Bc8 Nd6 37. Bd7 Kg7 38. Ke2 Kf6 39. b3 Ke7 40. Bg4 f5 41. Bh5 b5 42. axb5 cxb5 43. Ke3 a4 44. bxa4 bxa4 45. Bd1 a3 46. Bb3 Ke6 47. Kf4 Nb5 48. Ke3 f4+ 49. Kxf4 Nxd4 50. Ba2 Ne2+ 51. Ke3 Nc3 52. Bb3 a2 53. Bxa2 Nxa2 54. h4 Nb4 55. Kd4 Nc6+ 56. Kc5 Ne7 57. h5 Kf6 58. Kd4 Kg5 0-1

[Event "Titled Tuesday intern op 25th Jun Late"]
[Site "Chess.com INT"]
[Date "2024.06.25"]
[Round "1"]
[White "Jaracz, Pawel"]
[Black "Krishnakumar, Sriram"]
[Result "1-0"]
[WhiteElo "2473"]
[BlackElo "2187"]
[PlyCount "85"]
[EventDate "2024.06.25"]
[EventType "swiss (blitz)"]
[EventRounds "11"]
[EventCountry "USA"]
[SourceTitle "EXT 2025"]
[Source "ChessBase"]
[SourceDate "2024.10.14"]
[SourceVersion "1"]
[SourceVersionDate "2024.10.14"]
[SourceQuality "1"]

1. d4 d5 2. c4 c6 3. e3 Nf6 4. Nc3 e6 5. b3 Bb4 6. Bd2 0-0 7. Bd3 Nbd7 8. Nge2 e5 9. 0-0 e4 10. Bc2 Bxc3 11. Nxc3 Nb6 12. c5 Nbd7 13. f3 Re8 14. fxe4 Nxe4 15. Nxe4 dxe4 16. Rf4 Nf6 17. Qe2 Be6 18. Raf1 Bd5 19. g4 h6 20. h4 Nh7 21. Qf2 f6 22. Qg2 b6 23. Bb4 a5 24. Be1 bxc5 25. dxc5 Qe7 26. Bc3 Qxc5 27. Bd4 Qe7 28. Rf5 Rad8 29. Bd1 Qf7 30. g5 hxg5 31. hxg5 Qg6 32. gxf6 Qxg2+ 33. Kxg2 Nxf6 34. Rg5 Kf8 35. Bc5+ Kf7 36. Bh5+ Ke6 37. Bxe8 Nxe8 38. Rf8 Kd7 39. Bd4 a4 40. bxa4 Ra8 41. Re5 g6 42. Bc5 Nc7 43. Re7# 1-0

[Event "Titled Tuesday intern op 25th Jun Early"]
[Site "Chess.com INT"]
[Date "2024.06.25"]
[Round "6"]
[White "Slovineanu, Viacheslav"]
[Black "Jaracz, Pawel"]
[Result "1-0"]
[WhiteElo "2412"]
[BlackElo "2473"]
[PlyCount "39"]
[EventDate "2024.06.25"]
[EventType "swiss (blitz)"]
[EventRounds "11"]
[EventCountry "USA"]
[SourceTitle "EXT 2025"]
[Source "ChessBase"]
[SourceDate "2024.10.14"]
[SourceVersion "1"]
[SourceVersionDate "2024.10.14"]
[SourceQuality "1"]

1. d4 Nf6 2. Nf3 g6 3. Nbd2 Bg7 4. e4 0-0 5. e5 Ne8 6. h4 d6 7. h5 Nc6 8. hxg6 hxg6 9. Bd3 dxe5 10. dxe5 Be6 11. Ne4 Bg4 12. Bh6 Nxe5 13. Bxg7 Kxg7 14. Qd2 Nxd3+ 15. cxd3 f6 16. Qh6+ Kf7 17. Nfg5+ fxg5 18. Nxg5+ Kf6 19. Qxf8+ Kxg5 20. f4# 1-0

[Event "BCF-chT 2324 (4NCL)"]
[Site "England"]
[Date "2024.05.05"]
[Round "10.1"]
[White "Gasanov, Eldar"]
[Black "Jaracz, Pawel"]
[Result "1/2-1/2"]
[WhiteElo "2475"]
[BlackElo "2470"]
[PlyCount "72"]
[EventDate "2023.11.11"]
[EventType "team-tourn"]
[EventRounds "11"]
[EventCountry "ENG"]
[SourceTitle "EXT 2025"]
[Source "ChessBase"]
[SourceDate "2024.10.14"]
[SourceVersion "1"]
[SourceVersionDate "2024.10.14"]
[SourceQuality "1"]
[WhiteTeam "Wood Green"]
[BlackTeam "Manx Liberty"]
[WhiteTeamCountry "ENG"]
[BlackTeamCountry "ENG"]

1. d4 Nf6 2. c4 e6 3. Nf3 b6 4. Nc3 Bb4 5. Qb3 c5 6. Bg5 Bb7 7. e3 Nc6 8. a3 Na5 9. Qc2 Be4 10. Bd3 Bxd3 11. Qxd3 Bxc3+ 12. bxc3 h6 13. Bh4 Rc8 14. Nd2 cxd4 15. cxd4 d5 16. cxd5 exd5 17. Qf5 Qd7 18. Qe5+ Qe6 19. Bxf6 gxf6 20. Qf4 Rg8 21. g3 Rc2 22. Rd1 Rg4 23. Qb8+ Rc8 24. Qxa7 Rxd4 25. 0-0 Rd3 26. Nf3 Rxd1 27. Rxd1 Qg4 28. Rxd5 Nc6 29. Qb7 Nd8 30. Rxd8+ Rxd8 31. Qc6+ Ke7 32. Nd4 Rxd4 33. exd4 Qxd4 34. a4 Kf8 35. h4 Kg7 36. Kg2 f5 1/2-1/2

[Event "BCF-chT 2324 (4NCL)"]
[Site "England"]
[Date "2024.05.04"]
[Round "9.2"]
[White "Walton, Alan J"]
[Black "Jaracz, Pawel"]
[Result "0-1"]
[WhiteElo "2033"]
[BlackElo "2470"]
[PlyCount "62"]
[EventDate "2023.11.11"]
[EventType "team-tourn"]
[EventRounds "11"]
[EventCountry "ENG"]
[SourceTitle "EXT 2025"]
[Source "ChessBase"]
[SourceDate "2024.10.14"]
[SourceVersion "1"]
[SourceVersionDate "2024.10.14"]
[SourceQuality "1"]
[WhiteTeam "Chessable White Rose II"]
[BlackTeam "Manx Liberty"]
[WhiteTeamCountry "ENG"]
[BlackTeamCountry "ENG"]

1. d4 d5 2. c4 e6 3. Nc3 Nf6 4. cxd5 exd5 5. Bg5 Be7 6. Qc2 Nbd7 7. e3 c6 8. Bd3 Nh5 9. Bxe7 Qxe7 10. Nge2 g6 11. 0-0-0 Nb6 12. h3 Bd7 13. Kb1 Ng7 14. Rhe1 0-0 15. Nc1 Bf5 16. g4 Bxd3 17. Nxd3 Qh4 18. Rh1 Rae8 19. Rdg1 Ne6 20. Ne5 c5 21. dxc5 Nxc5 22. Nf3 Qf6 23. Nd4 Ne6 24. Rd1 Rc8 25. Qe2 Rfd8 26. h4 Rc4 27. Nc2 Rxc3 28. bxc3 Na4 29. Rd3 Nxc3+ 30. Rxc3 Qxc3 31. Rd1 Rd6 0-1

[Event "Bundesliga 2324"]
[Site "Germany"]
[Date "2024.04.28"]
[Round "15.1"]
[White "Hoerstmann, Martin"]
[Black "Jaracz, Pawel"]
[Result "1/2-1/2"]
[WhiteElo "2211"]
[BlackElo "2472"]
[PlyCount "46"]
[EventDate "2023.10.21"]
[EventType "team-tourn"]
[EventRounds "15"]
[EventCountry "GER"]
[SourceTitle "CBM 219 Extra"]
[Source "ChessBase"]
[SourceDate "2024.05.31"]
[SourceVersion "1"]
[SourceVersionDate "2024.05.31"]
[SourceQuality "1"]
[WhiteTeam "Lister Turm"]
[BlackTeam "Remagen Sinzig"]
[WhiteTeamCountry "GER"]
[BlackTeamCountry "GER"]

1. Nf3 d5 2. c4 c6 3. g3 Nd7 4. cxd5 cxd5 5. d4 Ngf6 6. Bg2 e6 7. 0-0 Be7 8. Nc3 a6 9. Bf4 b5 10. Qd3 0-0 11. Rfc1 Bb7 12. Nb1 Qb6 13. Nbd2 Rfc8 14. Ne5 Nxe5 15. Bxe5 Nd7 16. Bf4 a5 17. Nf3 b4 18. Ne5 Nxe5 19. Bxe5 Ba6 20. Qd1 Qb5 21. Bf1 Qd7 22. g4 Bd6 23. Bxd6 Qxd6 1/2-1/2

[Event "BCF-chT 2324 (4NCL)"]
[Site "England"]
[Date "2024.03.16"]
[Round "7.2"]
[White "Pein, Malcolm"]
[Black "Jaracz, Pawel"]
[Result "0-1"]
[WhiteElo "2272"]
[BlackElo "2470"]
[PlyCount "94"]
[EventDate "2023.11.11"]
[EventType "team-tourn"]
[EventRounds "11"]
[EventCountry "ENG"]
[SourceTitle "EXT 2025"]
[Source "ChessBase"]
[SourceDate "2024.10.14"]
[SourceVersion "1"]
[SourceVersionDate "2024.10.14"]
[SourceQuality "1"]
[WhiteTeam "Celtic Tigers"]
[BlackTeam "Manx Liberty"]
[WhiteTeamCountry "ENG"]
[BlackTeamCountry "ENG"]

1. d4 d5 2. Nf3 c6 3. c4 Nf6 4. Nbd2 g6 5. e3 Bg7 6. Bd3 0-0 7. 0-0 Nbd7 8. cxd5 Nxd5 9. e4 N5b6 10. a4 a5 11. Nb3 e5 12. Bg5 Qc7 13. Qd2 exd4 14. Bh6 Ne5 15. Nxe5 Bxh6 16. Qxh6 Qxe5 17. f4 Qg7 18. Qg5 f5 19. Rfe1 Qf6 20. Qxf6 Rxf6 21. e5 Rf8 22. Red1 Rd8 23. Bc2 Be6 24. Nc5 Bc8 25. Bb3+ Kf8 26. Rd2 Nd5 27. Rxd4 b6 28. Bxd5 bxc5 29. Bxc6 Rxd4 30. Bxa8 Rxf4 31. Rc1 Ba6 32. b3 c4 33. bxc4 Rxc4 34. Rxc4 Bxc4 35. Kf2 Bb3 36. Bc6 Ke7 37. Ke3 g5 38. Kd4 Ke6 39. g3 h6 40. h4 gxh4 41. gxh4 Bd1 42. Bd5+ Kd7 43. Bc4 Bxa4 44. Bd3 Ke6 45. Bc4+ Ke7 46. Ke3 Bd7 47. Kf4 a4 0-1

[Event "Bundesliga 2324"]
[Site "Germany"]
[Date "2024.02.23"]
[Round "9.6"]
[White "Winterberg, Lukas"]
[Black "Jaracz, Pawel"]
[Result "1-0"]
[WhiteElo "2410"]
[BlackElo "2472"]
[PlyCount "59"]
[EventDate "2023.10.21"]
[EventType "team-tourn"]
[EventRounds "15"]
[EventCountry "GER"]
[SourceTitle "CBM 218 Extra"]
[Source "ChessBase"]
[SourceDate "2024.03.31"]
[SourceVersion "1"]
[SourceVersionDate "2024.03.31"]
[SourceQuality "1"]
[WhiteTeam "Heimbach Weis Neuwied"]
[BlackTeam "Remagen Sinzig"]
[WhiteTeamCountry "GER"]
[BlackTeamCountry "GER"]

1. d4 d5 2. Nf3 Nf6 3. c4 c6 4. Nc3 e6 5. e3 a6 6. a4 c5 7. dxc5 Bxc5 8. cxd5 exd5 9. Bd3 Nc6 10. h3 0-0 11. 0-0 Be6 12. Nd4 Qd6 13. Nce2 Bb6 14. b3 Rfe8 15. Ba3 Qd7 16. Nxc6 bxc6 17. Rc1 Bc7 18. Nd4 Bxh3 19. Rxc6 Re5 20. Rxc7 Qxc7 21. gxh3 Rxe3 22. Kg2 Re5 23. Qc1 Qd7 24. Qc6 Rg5+ 25. Kh2 Qd8 26. Be7 Qxe7 27. Qxa8+ Ne8 28. f4 Rh5 29. Nf5 Qe6 30. Rf2 1-0

[Event "Titled Tuesday intern op 16th Jan Late"]
[Site "Chess.com INT"]
[Date "2024.01.16"]
[Round "1"]
[White "Avalos Parra, Joao"]
[Black "Jaracz, Pawel"]
[Result "0-1"]
[WhiteElo "2178"]
[BlackElo "2472"]
[PlyCount "66"]
[EventDate "2024.01.16"]
[EventType "swiss (blitz)"]
[EventRounds "11"]
[EventCountry "USA"]
[SourceTitle "CBM 218 Extra"]
[Source "ChessBase"]
[SourceDate "2024.03.31"]
[SourceVersion "1"]
[SourceVersionDate "2024.03.31"]
[SourceQuality "1"]

1. d4 d5 2. c4 c6 3. Nf3 Nf6 4. Nc3 dxc4 5. a4 Bf5 6. Ne5 Na6 7. e3 Nb4 8. Bxc4 e6 9. 0-0 Be7 10. Qe2 Bg6 11. Bd2 0-0 12. a5 a6 13. Rfd1 c5 14. dxc5 Qc7 15. Nxg6 hxg6 16. Na4 Bxc5 17. Rac1 Be7 18. Bxe6 Qxa5 19. Bb3 Rac8 20. Ra1 Ne4 21. Be1 Qe5 22. f3 Nc5 23. Bc3 Qc7 24. Nxc5 Bxc5 25. Kh1 Rfd8 26. e4 Qe7 27. Rac1 Rxd1+ 28. Rxd1 Nc6 29. h3 Ba7 30. Qc4 Bb8 31. Qd5 Rd8 32. Qc4 Rxd1+ 33. Bxd1 Qd6 0-1

[Event "Titled Tuesday intern op 16th Jan Late"]
[Site "Chess.com INT"]
[Date "2024.01.16"]
[Round "3"]
[White "Svane, Rasmus"]
[Black "Jaracz, Pawel"]
[Result "1-0"]
[WhiteElo "2637"]
[BlackElo "2472"]
[PlyCount "69"]
[EventDate "2024.01.16"]
[EventType "swiss (blitz)"]
[EventRounds "11"]
[EventCountry "USA"]
[SourceTitle "CBM 218 Extra"]
[Source "ChessBase"]
[SourceDate "2024.03.31"]
[SourceVersion "1"]
[SourceVersionDate "2024.03.31"]
[SourceQuality "1"]

1. Nf3 d5 2. g3 Nd7 3. d4 Nb6 4. Bg2 Bf5 5. Nbd2 c6 6. Nh4 e6 7. e4 dxe4 8. Nxe4 Bxe4 9. Bxe4 Be7 10. Nf3 Nf6 11. Bd3 0-0 12. 0-0 Nfd7 13. Re1 Bf6 14. c3 c5 15. Be4 cxd4 16. Nxd4 Nc5 17. Bg2 Nd5 18. Nb3 Na4 19. Nd2 Naxc3 20. bxc3 Nxc3 21. Qg4 Rc8 22. Nb3 Qd3 23. Bb2 Rfd8 24. Rac1 h5 25. Qxh5 Nxa2 26. Rxc8 Rxc8 27. Bxf6 gxf6 28. Qg4+ Kf8 29. Nd4 Rc4 30. Nxe6+ fxe6 31. Qxe6 Rc1 32. Qxf6+ Kg8 33. Qg5+ Kf8 34. Rxc1 Nxc1 35. Qxc1 1-0

[Event "Titled Tuesday intern op 12th Dec Late"]
[Site "Chess.com INT"]
[Date "2023.12.12"]
[Round "4"]
[White "Bazilius, Augustinas"]
[Black "Jaracz, Pawel"]
[Result "1-0"]
[WhiteElo "2030"]
[BlackElo "2473"]
[PlyCount "77"]
[EventDate "2023.12.12"]
[EventType "swiss (blitz)"]
[EventRounds "11"]
[EventCountry "USA"]
[SourceTitle "EXT 2025"]
[Source "ChessBase"]
[SourceDate "2024.10.14"]
[SourceVersion "1"]
[SourceVersionDate "2024.10.14"]
[SourceQuality "1"]

1. d4 d5 2. c4 c6 3. Nf3 Nf6 4. g3 dxc4 5. Bg2 b5 6. Ne5 Bb7 7. 0-0 e6 8. b3 cxb3 9. axb3 Qb6 10. Nc3 Nbd7 11. Be3 Nd5 12. Nxd5 cxd5 13. Nxd7 Kxd7 14. Qd3 Be7 15. Bd2 a5 16. e4 dxe4 17. Bxe4 Bxe4 18. Qxe4 Qc6 19. Qf4 a4 20. bxa4 Rxa4 21. Qxf7 Rha8 22. Rxa4 bxa4 23. Bg5 Qd6 24. Rb1 Ra7 25. d5 exd5 26. Re1 Kc8 27. Bxe7 Qd7 28. Qf8+ Kb7 29. Rb1+ Ka6 30. Qf3 Rb7 31. Qd3+ Ka7 32. Bc5+ Kb8 33. Re1 Qc6 34. Bd4 Qc4 35. Qe3 Qc6 36. Qf4+ Ka8 37. Qf8+ Rb8 38. Qxg7 a3 39. Qa7# 1-0

[Event "Titled Tuesday intern op 12th Dec Late"]
[Site "Chess.com INT"]
[Date "2023.12.12"]
[Round "1"]
[White "Jaracz, Pawel"]
[Black "Biliy, Vadim"]
[Result "1-0"]
[WhiteElo "2473"]
[BlackElo "2311"]
[PlyCount "55"]
[EventDate "2023.12.12"]
[EventType "swiss (blitz)"]
[EventRounds "11"]
[EventCountry "USA"]
[SourceTitle "EXT 2025"]
[Source "ChessBase"]
[SourceDate "2024.10.14"]
[SourceVersion "1"]
[SourceVersionDate "2024.10.14"]
[SourceQuality "1"]

1. d4 c5 2. d5 f5 3. Nh3 Nf6 4. Nf4 g6 5. g3 Bg7 6. Bg2 0-0 7. 0-0 b5 8. a4 b4 9. Nd2 Bb7 10. Nc4 a5 11. c3 Ra7 12. Be3 Na6 13. cxb4 axb4 14. a5 Ne4 15. Qc2 Nd6 16. Nb6 g5 17. Nd3 f4 18. gxf4 gxf4 19. Bxf4 c4 20. Nxc4 Nxc4 21. Qxc4 Kh8 22. Bg3 Qa8 23. Ne5 Rc8 24. Qh4 Bxd5 25. Ng6+ Kg8 26. Nxe7+ Kh8 27. Bxd5 Qb8 28. Be4 1-0

[Event "Titled Tuesday intern op 24th Oct Late"]
[Site "Chess.com INT"]
[Date "2023.10.24"]
[Round "6"]
[White "Jaskolka, Tomasz"]
[Black "Jaracz, Pawel"]
[Result "1-0"]
[WhiteElo "2222"]
[BlackElo "2472"]
[PlyCount "83"]
[EventDate "2023.10.24"]
[EventType "swiss (blitz)"]
[EventRounds "11"]
[EventCountry "USA"]
[SourceTitle "CBM 216 Extra"]
[Source "ChessBase"]
[SourceDate "2023.11.30"]
[SourceVersion "1"]
[SourceVersionDate "2023.11.30"]
[SourceQuality "1"]

1. e4 c5 2. Nf3 d6 3. Bb5+ Bd7 4. Bxd7+ Nxd7 5. d4 cxd4 6. Qxd4 Ngf6 7. 0-0 Qb6 8. Qxb6 Nxb6 9. Nc3 Rc8 10. e5 dxe5 11. Nxe5 e6 12. Be3 Bd6 13. Bxb6 axb6 14. Nd3 Ke7 15. Rac1 Rc6 16. Rfd1 Rhc8 17. g3 h5 18. Nb5 Bb8 19. Nd4 Rc4 20. c3 Nd5 21. Ne1 Be5 22. Nf5+ Kf6 23. Ne3 Nxe3 24. fxe3 h4 25. Nd3 hxg3 26. Rf1+ Kg5 27. Nxe5 gxh2+ 28. Kxh2 Rh4+ 29. Kg2 Re4 30. Nxf7+ Kg6 31. Rf3 Rg4+ 32. Kf2 Rc5 33. Rg1 Rxg1 34. Kxg1 Rd5 35. Rf2 Kh5 36. e4 Rd1+ 37. Kg2 g5 38. Ne5 g4 39. Kg3 Rg1+ 40. Kf4 g3 41. Rf3 g2 42. Rh3# 1-0

[Event "Titled Tuesday intern op 10th Oct Early"]
[Site "Chess.com INT"]
[Date "2023.10.10"]
[Round "5"]
[White "Jaracz, Pawel"]
[Black "Galchenko, Matvey"]
[Result "0-1"]
[WhiteElo "2472"]
[BlackElo "2438"]
[PlyCount "56"]
[EventDate "2023.10.10"]
[EventType "swiss (blitz)"]
[EventRounds "11"]
[EventCountry "USA"]
[SourceTitle "EXT 2025"]
[Source "ChessBase"]
[SourceDate "2024.10.14"]
[SourceVersion "1"]
[SourceVersionDate "2024.10.14"]
[SourceQuality "1"]

1. d4 Nf6 2. c4 c5 3. Nf3 cxd4 4. Nxd4 e5 5. Nb5 d5 6. cxd5 Bc5 7. N5c3 0-0 8. g3 Ng4 9. e3 f5 10. Be2 Nd7 11. 0-0 Ndf6 12. a3 a5 13. Nd2 Qe8 14. h3 Nh6 15. Nc4 b5 16. Nxa5 Rxa5 17. b4 Bxb4 18. Nxb5 Bc5 19. Qc2 Rxb5 20. Bxb5 Qxb5 21. a4 Qa5 22. Bd2 Qa7 23. Rfc1 Bd6 24. a5 f4 25. g4 Nhxg4 26. hxg4 Nxg4 27. Qc6 Qe7 28. exf4 Qh4 0-1